Tilastot visalle Suomalainen sauna

Klikkaa tästä pelataksesi tätä visaa!

Yleistilastot

  • Tätä visaa on pelattu 87 kertaa
  • Keskiarvotulos 3 / 6

Vastaustilastot

VihjeFakta% Oikein
Huonompi sauna:Sähkösauna
86%
Parempi sauna:Puusauna
85%
Pitääkö löylyveden olla lämmintä vai kylmää?Lämmintä
82%
Mihin rynnätään saunan jälkeen?Järveen!
40%
Oikea lyölynheittämisnopeus:Litra vettä minuutissa
4%
Vähimmäislämpötila, jotta
sitä voidaan kutsua saunomiseksi
100C˚
3%

Tulosjakauma

Persentiili vastausten määrän mukaan

Jokaisen tuloksen saaneiden osuus

Tuloshistoriasi

Et ole pelannut tätä visaa